Estaciones del Metro de Granada (España) - Estadísticas

Estadísticas generales
  • Esta prueba ha sido intentada 634 veces
  • La puntuación promedio es 15 de 26
Estadísticas de respuestas
Respuesta % Correcto
Recogidas
88%
Armilla
87%
Albolote
86%
Méndez Núñez
79%
Sierra Nevada
76%
Universidad
75%
Estación de Autobuses
73%
Argentinita
69%
Maracena
68%
Hípica
66%
Jaén
61%
La Caleta
61%
Estación de Ferrocarril
55%
Villarejo
54%
Nuevo Los Cármenes
53%
Parque Tecnológico
53%
Alcázar del Genil
50%
Palacio de Deportes
48%
Dílar
47%
Cerrillo de Maracena
46%
Andrés Segovia
45%
Luis Amador
45%
Fernando de los Ríos
41%
Anfiteatro
31%
Juncaril
29%
Vicuña
20%
No se encontraron pruebas coincidentes
Distribución de puntuación
Porcentaje de gente con cada puntuación
Porcentaje por número respondido
Historial de tus puntuaciones
No has intentado esta prueba.